000 01157naa a22003137a 4500
001 BR7604032
003 BR-BrBNA
005 20240918173918.0
007 ta
008 230509b bl.||||| |||| 00| 0 por d
040 _aBR-BrBNA
_bpor
_cBiblioteca Nacional de Agricultura
041 _a(Pt)
072 _aF30
_b1116
_bG514
090 _aF30 BR7604032
100 1 _aPinto, A.C. de Q.
111 1 _a3. Congresso Brasileiro de Fruticultura
_cRio de Janeiro, RJ (Brazil)
_d14 Jul 1975
245 1 _aComportamento de variedades e selecoes de goiabeiras (Psidium guajava, L.)no estado da Bahia [Brasil]
_bEstudo preliminar
260 3 _aCampinas, SP (Brasil):
_c1976.
500 _aAnais do 3. Congresso Brasileiro de Fruticultura Campinas, SP (Brasil): 1976. v. 2 p. 407-414 (BR7604032-AM)F30
650 _aGOIABA
650 _aVARIEDADE
650 _aSELECAO GENOTIPA
650 _aPROGENIE
650 _aCOMPORTAMENTO DE VARIEDADE
650 _aBAHIA
773 0 _tAnais do 3. Congresso Brasileiro de Fruticultura
_wF30 BR7604032
_gCampinas, SP (Brasil), 1976. v. 2 p. 407-414
909 _a202404
_bLucia
_c55
_dLucia Elande
942 _cAM
_2AGRIS
999 _c307648
_d307648